000 00427nam a2200169Ia 4500
008 221030s9999 xx 000 0 und d
020 _a0074635581
041 _aEnglish
082 _a105.23
_bCur
100 _aD. P. Curtin
245 0 _aInformation Technology - The Breaking Wave
_cby D. P. Curtin, K. Foley
260 _bTMH
_aNew Delhi
_c2005
300 _a300
650 _aComputers
700 _aK. Foley
942 _cBK
999 _c2735
_d2735